Vista normal
Vista MARC
Entrada Personal Name
Número de registros utilizados en: 1
001 - CONTROL NUMBER
- control field: 17361
003 - CONTROL NUMBER IDENTIFIER
- control field: DLC
005 - DATE AND TIME OF LATEST TRANSACTION
- control field: 20250722123301.0
008 - FIXED-LENGTH DATA ELEMENTS
- fixed length control field: 181029n| azannaabn |n aaa c
010 ## - LIBRARY OF CONGRESS CONTROL NUMBER
- LC control number: no2018147316
035 ## - SYSTEM CONTROL NUMBER
- System control number: (OCoLC)oca11626127
040 ## - CATALOGING SOURCE
- Original cataloging agency: CaBVa
- Language of cataloging: spa
- Description conventions: rda
- Transcribing agency: Mx-PuUPA
- Modifying agency: GVaS
- Modifying agency: HU
- Modifying agency: Mx-PuUPA
100 1# - HEADING--PERSONAL NAME
- Personal name: Clear, James,
370 ## - ASSOCIATED PLACE
- Associated country: Estados Unidos
- Place of residence/headquarters: Colón (Ohio)
- Source of term: naf
372 ## - FIELD OF ACTIVITY
- Field of activity: Emprendimiento
- Field of activity: Conferencias y dar conferencias
- Field of activity: Modificación de la conducta
- Field of activity: Toma de decisiones
- Field of activity: Paternidad literaria
- Field of activity: levantamiento de pesas
- Field of activity: Fotografía
- Field of activity: Biomecánica
- Field of activity: Lanzamiento (béisbol)
- Source of term: lcsh
373 ## - ASSOCIATED GROUP
- Associated group: Universidad Estatal de Ohio
- Associated group: Universidad Denison
- Source of term: naf
374 ## - OCCUPATION
- Occupation: Emprendedor
374 ## - OCCUPATION
- Occupation: Fotográfo
- Source of term: lcdgt
374 ## - OCCUPATION
- Occupation: Profesor
- Occupation: Autor
- Occupation: Levantadores de pesas
- Occupation: Lanzadores (béisbol)
- Source of term: lcsh
375 ## - GENDER
- Gender: hombre
- Source of term: lcdgt
377 ## - ASSOCIATED LANGUAGE
- Language code: eng
670 ## - SOURCE DATA FOUND
- Source citation: Atomic habits, 2018:
- Information found: back flap (James Clear is an author and speaker focused on habits, decision making, and continuous improvement. Clear is an avid weightlifter and photographer. His website is jamesclear.com. He lives in Columbus, Ohio)
670 ## - SOURCE DATA FOUND
- Source citation: Denison Magazine website, viewed July 25, 2019
- Information found: (James Clear has an undergraduate degree in biomechanics and an MBA from The Ohio State University. He combines his acumen for science and research to gain insights into the habits and routines that make people the best at what they do in their professional and personal lives)
- Uniform Resource Identifier: https://denisonmagazine.com/article/summer-2018-class-notes-build-better-habits/
670 ## - SOURCE DATA FOUND
- Source citation: Denison University website, viewed July 25, 2019
- Information found: (Denison University senior pitcher James Clear was named to the ESPN The Magazine Academic All-America® second-team as announced by the College Sports Information Directors of America (CoSIDA) on Tuesday, May 27)
- Uniform Resource Identifier: https://www.denisonbigred.com/information/acadmic_aa_releases/clearaa08Denison